LEADER 01470nam 2200481 450 001 9910478920103321 005 20201113205508.0 035 $a(CKB)4100000003787440 035 $a(MiAaPQ)EBC5398427 035 $a(PPN)235404071 035 $a(EXLCZ)994100000003787440 100 $a20180615d2018 uy 0 101 0 $aeng 135 $aurcnu|||||||| 181 $ctxt$2rdacontent 182 $cc$2rdamedia 183 $acr$2rdacarrier 200 00$aAudiovisual translation $etheoretical and methodological challenges /$fedited by Yves Gambier and Sara Ramos Pinto 210 1$aAmsterdam :$cJohn Benjamins Publishing Company,$d[2018] 210 4$dİ2018 215 $a1 online resource (154 pages) 311 $a90-272-0119-6 311 $a90-272-6373-6 606 $aTranslating and interpreting$xStudy and teaching 606 $atranslation$9eng$2eurovoc 606 $alinguistics$9eng$2eurovoc 606 $aaudiovisual document$9eng$2eurovoc 608 $aElectronic books. 615 0$aTranslating and interpreting$xStudy and teaching. 615 7$atranslation 615 7$alinguistics 615 7$aaudiovisual document 676 $a418.02071 686 $a32.32.24$2EP-CLASS 702 $aGambier$b Yves 702 $aPinto$b Sara Ramos 801 0$bMiAaPQ 801 1$bMiAaPQ 801 2$bMiAaPQ 906 $aBOOK 912 $a9910478920103321 996 $aAudiovisual translation$9253440 997 $aUNINA LEADER 01956nam 2200541 450 001 9910796859703321 005 20230814222454.0 010 $a1-61537-193-1 035 $a(CKB)4100000004821528 035 $a(Au-PeEL)EBL5400330 035 $a(OCoLC)1020295551 035 $a(MiAaPQ)EBC5400330 035 $a(EXLCZ)994100000004821528 100 $a20180615d2018 uy 0 101 0 $aeng 135 $aurcnu|||||||| 181 $ctxt$2rdacontent 182 $cc$2rdamedia 183 $acr$2rdacarrier 200 10$aNarcissism and its discontents $ediagnostic dilemmas and treatment strategies with narcissistic patients /$fGlen O. Gabbard, Holly Crisp 205 $aFirst edition. 210 1$aWashington, DC :$cAmerican Psychiatric Association Publishing,$d[2018] 210 4$dİ2018 215 $a1 online resource (176 pages) 311 $a1-61537-127-3 320 $aIncludes bibliographical references and index. 327 $aNarcissism and its discontents -- The cultural context of narcissism -- Modes of relatedness -- Beginning the treatment -- Transference and countertransference -- Tailoring the treatment to the patient -- Specific treatment strategies -- Termination. 606 $aNarcissism 606 $aPersonality Disorders$xtherapy 606 $aPersonality Disorders$xdiagnosis 606 $aTreatment Outcome 606 $aPhysician-Patient Relations 615 12$aNarcissism 615 12$aPersonality Disorders$xtherapy 615 22$aPersonality Disorders$xdiagnosis 615 22$aTreatment Outcome 615 22$aPhysician-Patient Relations 676 $a616.85/854 700 $aGabbard$b Glen O.$0167351 702 $aCrisp$b Holly 712 02$aAmerican Psychiatric Association Publishing, 801 0$bMiAaPQ 801 1$bMiAaPQ 801 2$bMiAaPQ 906 $aBOOK 912 $a9910796859703321 996 $aNarcissism and its discontents$93866997 997 $aUNINA LEADER 02737nam 2200637Ia 450 001 9910783141303321 005 20230421042121.0 010 $a0-19-770250-3 010 $a1-280-65498-8 010 $a0-19-535280-7 010 $a1-4294-0032-3 035 $a(CKB)1000000000011692 035 $a(EBL)430492 035 $a(OCoLC)609830060 035 $a(SSID)ssj0000106449 035 $a(PQKBManifestationID)11131072 035 $a(PQKBTitleCode)TC0000106449 035 $a(PQKBWorkID)10108204 035 $a(PQKB)10330938 035 $a(Au-PeEL)EBL430492 035 $a(CaPaEBR)ebr10279377 035 $a(CaONFJC)MIL65498 035 $a(MiAaPQ)EBC430492 035 $a(EXLCZ)991000000000011692 100 $a19980505d1998 uy 0 101 0 $aeng 135 $aur|n|---||||| 181 $ctxt 182 $cc 183 $acr 200 10$aAsia's computer challenge$b[electronic resource] $ethreat or opportunity for the United States & the world? /$fJason Dedrick, Kenneth L. Kraemer 210 $aNew York $cOxford University Press$dc1998 215 $a1 online resource (383 p.) 300 $aDescription based upon print version of record. 311 $a0-19-512201-1 320 $aIncludes bibliographical references (p. 343-351) and index. 327 $aContents; List of Figures; List of Tables; 1. Competing in Computers; 2. Globalization of the Computer Industry; 3. Japan and the PC Revolution; 4. Asia's New Competitors: Korea and Taiwan; 5. Asia's New Competitors: Singapore and Hong Kong; 6. Findings from the East Asian Experience; 7. Lessons for Companies and Countries; 8. Competing in Computers in the Network Era; Appendix; Notes; References; Index 330 $aList of Figures. List of Tables. 1. Competing in Computers. 2. Globalization of the Computer Industry. 3. Japan and the PC Revolution. 4. Asia's New Competitors: Korea and Taiwan. 5. Asia's New Competitors: Singapore and Hong Kong. 6. Findings from the East Asian Experience. 7. Lessons for Companies and Countries. 8. Competing Computers in the Network Era. Appendix. Notes. Reference. Index 606 $aCompetition, International 606 $aComputer industry$zEast Asia 606 $aComputer industry$zJapan 606 $aComputer industry$zUnited States 615 0$aCompetition, International. 615 0$aComputer industry 615 0$aComputer industry 615 0$aComputer industry 676 $a338.47004095 700 $aDedrick$b Jason$01530167 701 $aKraemer$b Kenneth L$0296845 801 0$bMiAaPQ 801 1$bMiAaPQ 801 2$bMiAaPQ 906 $aBOOK 912 $a9910783141303321 996 $aAsia's computer challenge$93775004 997 $aUNINA